000 00911nam a2200217Ia 4500
003 OSt
005 20241028101456.0
007 ca aa aaaaa
008 201103s9999 xx 000 0 und d
040 _cSSBUL
041 _abur
082 _223
_a၂၉၄.၃၄၄၃၅ သံ
_b၉၁၃၈ S-SAT
100 0 _aသံဝရ၊ ဦး၊ ဆရာတော်-
_917254
245 1 0 _aအလွယ်မှတ်ရန်ဝိပဿနာဆောင်ပုဒ်များ /
_cဆရာတော်ဉီးသံဝရ။
250 _aတတိယအကြိမ်။
260 _aရန်ကုန် ၊
_bစာပေပေါင်းကူးပုံနှိပ်တိုက်၊
_c၁၉၈၃။
300 _aဂီ၊ ၂၄၂ စာမျက်နှာ ၊
_c၁၈ စင်တီ။
500 _aS-SAT: Dr. Sai Aung Tun
650 _aဝိပဿနာ
942 _2ddc
_cBK1
999 _c16614
_d16614